Robotická optimalizácia bakalárska práca

Saved in:
Bibliographic Details
Main Author: Fedorová, Kristína
Format: Book
Language:Slovak
Published: Bratislava STU FCHPT 2016
Online Access:View in OPAC
Tags: Add Tag
No Tags, Be the first to tag this record!

MARC

LEADER 00000nam a2200000 a 4500
005 20260127134308.0
008 181029 2018 xo a 001 0 slo d
035 |a vtls011788268 
039 9 |y 201810291219  |z mschk03 
040 |a STUSCHK1  |b slo  |c STUSCHK1  |e AACR2 
100 1 |a Fedorová, Kristína 
245 1 |a Robotická optimalizácia  |b bakalárska práca  |c 2018 
260 |a Bratislava  |b STU FCHPT  |c 2016 
300 |a 52 s.  |b il.  |c 25 cm 
500 |a Študijný program: automatizácia, informatizácia a manažment v chémii a potravinárstve 
500 |a Študijný odbor: automatizácia, priemyselné inžinierstvo 
500 |a Školiace pracovisko: Ústav informatizácie, automatizácie a matematiky 
500 |a Evid. číslo: FCHPT-113709-82048 
910 |a SCHK95 
999 |c 9041  |d 9041